000 00696nam a2200217Ia 4500
008 140321s9999 xx 000 0 und d
020 _a9780230304031
050 _aHB 615
_b.B874 2013
100 _aBurns, Paul
245 _aCorporate Entrepreneurship :
_b innovation and strategy in large organizations /
_cPaul Burns.
250 _a3rd ed.
260 _aNew York :
_bPalgrave Macmillan,
_cc2013.
300 _a499 p. :
_bill. ;
_c25 cm.
500 _aIncludes bibliographical references and indexes.
521 _aBSBA
650 _aCreative ability in business.
650 _aEntrepreneurship.
650 _aOrganizational change
_xManagement.
942 _kFOR
_cBK
999 _c48237
_d48237